[Event "12th Agzamov Memorial 2018"]
[Site "Tashkent"]
[Date "2018.04.25"]
[Round "3"]
[White "Abdurakhmanov, Mukhmmadali"]
[Black "Dzhumaev, Marat"]
[Result "0-1"]
[WhiteElo "1976"]
[BlackElo "2451"]
[Annotator "TA"]
[PlyCount "107"]
[EventDate "2018.??.??"]
[EventType "swiss"]
[EventCountry "UZB"]
[SourceTitle "playchess.com"]
[Source "ChessBase"]
[SourceQuality "1"]

{[%evp 14,107,13,11,14,8,20,7,7,4,0,-2,0,0,0,0,0,0,-9,0,0,-15,-2,-4,-4,-9,0,-3,-3,-16,-5,-11,0,-5,-3,-16,-11,-47,-40,-57,-46,-40,-36,-78,-69,-69,-57,-55,-55,-56,-54,-53,-53,-55,-54,-55,-56,-70,-70,-70,-70,-70,-74,-72,-72,-70,-72,-77,-70,-93,-97,-102,-99,-106,-95,-239,-232,-267,-273,-268,-272,-269,-272,-258,-214,-565,-540,-652,-636,-600,-511,-596,-576,-1460,-1295,-29992]} 1. d4 d5 2. Nf3 c6 3. e3 Nf6 4. b3 Bg4 5. Bb2 Nbd7 6. Nbd2 {D04: Colle System} e6 7. h3 Bh5 8. Be2 {LiveBook: 3 Games. The position is equal.} Bd6 9. Ne5 Bxe2 10. Qxe2 Qc7 {[%cal Rd7e5]} (10... O-O 11. g4 Qa5 12. a3 Rad8 13. f4 Ne4 14. b4 Qa4 15. Nxe4 dxe4 16. Nxd7 Rxd7 {0-1 (62) Gordievsky,D (2605)-Predke,A (2601) Moscow 2017}) 11. Nxd7 Qxd7 12. e4 $146 ({Predecessor:} 12. O-O O-O {½-½ (26) Pleasants,A (2119)-Young,A (2042) Swansea 2014}) 12... Nxe4 13. Nxe4 dxe4 14. Qxe4 Bb4+ 15. c3 Be7 16. O-O O-O 17. Rad1 Bf6 18. Bc1 Rfd8 19. Bf4 Qd5 20. Qe2 Qa5 21. Rd3 Rd5 22. Rfd1 Rad8 23. Be3 R5d7 24. Qc2 h6 25. a4 Qf5 26. Qe2 e5 27. R3d2 exd4 28. cxd4 Rd5 29. Qg4 Qxg4 30. hxg4 Re8 31. Kh2 g5 32. Kg3 Kg7 33. Kf3 Kg6 34. Rc1 Be7 35. Rc4 Bd6 36. Ra2 a6 37. Ra1 f5 {White must now prevent ...fxg4+.} 38. gxf5+ Rxf5+ 39. Ke2 h5 {[%cal Bh6h5,Bh5h4,Bh4h3][%mdl 32]} 40. Rd1 Rd5 41. Rcc1 h4 42. Kd3 g4 43. Rh1 Be7 44. g3 (44. Rc4 $17 {was called for.}) 44... h3 $19 45. f3 Bg5 ({Weaker is} 45... gxf3 46. Rcf1 $17) 46. Rce1 Rxe3+ ({Resist} 46... gxf3 47. Bf2 $19) 47. Rxe3 Bxe3 48. Kxe3 {[%mdl 4096] Endgame KR-KR} Kf5 49. f4 $2 {[#]} (49. Rc1 {is more resistant.}) 49... c5 {Black is clearly winning.} 50. dxc5 Rxc5 51. Kd3 Rc6 52. Re1 Rd6+ 53. Kc3 Re6 54. Kd4 {Precision: White = 48%, Black = 83%.} 0-1

[Event "12th Agzamov Memorial 2018"]
[Site "Tashkent"]
[Date "2018.04.26"]
[Round "4"]
[White "Korneev, Oleg"]
[Black "Jumanov, Elbek"]
[Result "1/2-1/2"]
[WhiteElo "2546"]
[BlackElo "2283"]
[Annotator "TA"]
[PlyCount "136"]
[EventDate "2018.??.??"]
[EventType "swiss"]
[EventCountry "UZB"]
[SourceTitle "playchess.com"]
[Source "ChessBase"]
[SourceQuality "1"]

{[%evp 25,136,24,30,20,13,6,72,72,83,78,75,63,59,68,75,67,56,67,105,104,153,147,146,140,150,147,155,152,162,154,147,147,120,112,174,90,97,97,107,0,0,0,0,0,0,0,0,0,0,0,29,0,0,0,45,52,578,554,276,491,561,523,684,651,1879,1453,12829,12829,12825,12829,12828,12823,12199,8540,2871,1310,12833,12832,12832,2784,1611,2269,12843,12843,12845,0,0,0,0,0,0,0,0,0,0,0,0,0,0,0,0,0,0,0,0,0,0,0,0,0,0,0,0]} 1. e4 c5 2. Nf3 e6 3. d4 cxd4 4. Nxd4 Nf6 5. Nc3 d6 6. g4 h6 7. Bg2 Nc6 8. h3 a6 9. Be3 Be7 {B81: Sicilian Scheveningen: Keres Attack} 10. Qe2 Nxd4 11. Bxd4 e5 12. Be3 Be6 (12... b5 13. O-O-O b4 14. Nd5 Nxd5 15. exd5 O-O 16. Be4 {½-½ (32) Duda,J (2717)-Wojtaszek,R (2736) Katowice 2017}) 13. O-O-O Rc8 {LiveBook: 9 Games} 14. Nd5 Bxd5 15. exd5 Qc7 (15... Nd7 $1 $11) 16. Kb1 $16 Qc4 17. Qxc4 $146 ({Predecessor:} 17. Qd2 Nd7 {0-1 (25) Alcazar Jimenez,V (2412)-Suba,M (2503) Albacete 2004}) 17... Rxc4 18. Bf1 Rc8 19. c4 O-O 20. Be2 Nd7 21. h4 {[%cal Bh3h4,Bh4h5][%mdl 32]} e4 22. g5 $36 {[%cal Bg4g5,Bg5h6][%mdl 2080] White is in control.} f5 23. gxh6 {aiming for Rdg1.} g6 24. h5 g5 25. Bxg5 $1 Bxg5 26. Rhg1 Kh8 27. Rxg5 Ne5 28. b3 f4 29. Bg4 Rc7 (29... Rce8 $16) 30. Bf5 (30. Rd4 $18) 30... e3 31. fxe3 fxe3 {[#]} 32. Bg4 ({Only move:} 32. h7 $1 $16) 32... Nxg4 $11 33. Rxg4 {[%mdl 4096] Endgame KRR-KRR} e2 34. Rc1 Re7 $1 {Threatens to win with ...Rf1.} 35. Rgg1 b5 36. Kc2 bxc4 37. bxc4 Rf2 38. Kd3 Rf3+ 39. Kd2 Ra3 40. Rc2 {Hoping for Ke1.} Ree3 $2 {[%mdl 8192]} (40... Rg3 $14 41. Re1 Rge3) 41. Re1 Rad3+ 42. Kc1 Rd4 {[#]} 43. Kb2 $1 Kh7 {Black hopes to continue with ...Rde4.} 44. Rexe2 Rxe2 45. Rxe2 Rxc4 $18 {KR-KR} 46. Re6 Rb4+ 47. Kc3 Rb6 48. a3 a5 49. a4 Ra6 50. Re7+ Kxh6 51. Rb7 Ra8 52. Rb6 Rd8 53. Kc4 Kxh5 54. Kb5 Kg5 55. Kxa5 $2 (55. Kc6 $18 {And now Rb5 would win.} Kf5 56. Kc7) 55... Kf5 $11 {The position is equal.} 56. Rb7 {Black must now prevent Re7.} Ra8+ 57. Kb5 {Re7 is the strong threat.} Ke5 58. a5 Kxd5 59. a6 Ke4 60. a7 d5 61. Kb6 d4 62. Rb8 Rxa7 63. Kxa7 {KR-KP} d3 64. Kb6 d2 65. Rd8 Ke3 66. Kc5 Ke2 67. Kc4 d1=Q 68. Rxd1 Kxd1 {Precision: White = 82%, Black = 53%.} 1/2-1/2

[Event "12th Agzamov Memorial 2018"]
[Site "Tashkent"]
[Date "2018.04.26"]
[Round "4"]
[White "Vakhidov, Jakhongir"]
[Black "Nigmatov, Ortik"]
[Result "0-1"]
[WhiteElo "2542"]
[BlackElo "2438"]
[Annotator "TA"]
[PlyCount "84"]
[EventDate "2018.??.??"]
[EventType "swiss"]
[EventCountry "UZB"]
[SourceTitle "playchess.com"]
[Source "ChessBase"]
[SourceQuality "1"]

{[%evp 17,84,35,67,35,81,87,90,55,66,32,66,19,35,31,36,24,21,24,46,24,22,21,32,7,52,24,97,93,147,158,158,157,152,140,153,132,153,139,217,202,193,158,172,99,169,152,174,149,199,182,196,81,66,-309,-310,-835,-387,-1489,-1392,-1564,-1062,-29984,-29985,-29985,-29986,-29977,-29978,-29978,-11258]} 1. c4 Nf6 2. g3 g6 3. Bg2 Bg7 4. d4 O-O 5. Nc3 c6 6. e4 d6 7. Nge2 e5 8. O-O Nbd7 9. h3 Qb6 {LiveBook: 9 Games} 10. d5 {E72: King's Indian: 4 e4 d6 5 g3} Qa6 $146 ({Predecessor:} 10... cxd5 11. cxd5 Nc5 12. Rb1 a5 13. Be3 Bd7 14. Kh2 Qa6 15. Qd2 Qd3 16. Qxd3 Nxd3 17. Rfd1 Nb4 {0-1 (37) Postoev,A (2343)-Schmidt,H (2173) Germany 2010}) 11. b3 cxd5 12. exd5 {White is better.} Qa5 13. Bd2 {Nb5 is the strong threat.} Qd8 14. Qc1 a6 15. Qa3 Ne8 16. Ne4 Ndf6 17. Bg5 $36 {[%mdl 2048] White fights for an advantage.} Qc7 18. Bxf6 (18. Nd2 {feels hotter.} b6 19. Rae1 Bf5 20. b4 h5 21. f4) 18... Bxf6 19. Nxf6+ Nxf6 20. Rac1 b6 21. Qb2 Bf5 (21... a5 $11 {keeps the balance.}) 22. f4 $16 Nd7 ({Black should play} 22... Bd3) 23. Qd2 h5 24. fxe5 Nxe5 {[#]} 25. Rxf5 $1 {[%mdl 512]} gxf5 26. Nd4 {Black must now prevent Qg5+.} f6 27. Nxf5 Qc5+ (27... Qd7 $16 28. Nd4 Qg7) 28. Kh2 $18 {[%mdl 1024] White has strong compensation.} Ra7 29. b4 Qc7 {[#]} 30. Qe2 (30. Be4 $1 $18) 30... Qh7 (30... a5 $16 {was called for.}) 31. Be4 (31. Nxd6 Qe7 $16) 31... Rc7 32. Qe3 ({Stronger than} 32. Nxd6 f5 $11) 32... Kh8 33. Nxd6 f5 34. Bg2 (34. Bb1 $18 {has better winning chances.} Re7 35. Qf4 (35. Qxb6 Qg6 $11)) 34... Re7 $16 35. Qxb6 $2 {[%mdl 8192]} (35. Qf4 $1 $14 {keeps the upper hand.}) 35... h4 $19 36. gxh4 $2 (36. Qxa6 hxg3+ 37. Kg1 f4) (36. Rf1 hxg3+ 37. Kg1) 36... f4 (36... Qxh4 $142 37. Kh1 {[#]} Nf3 $1 {[%mdl 512]} 38. Nf7+ Rfxf7 39. Qd8+ Kh7) 37. Be4 $2 (37. Qf2 f3 38. Rg1) 37... Qxh4 {( -> ...Qg3+)} 38. Rg1 {[#]} Rh7 $1 {[%mdl 512]} 39. Bxh7 Nf3+ {Black mates.} 40. Kg2 Qg3+ 41. Kf1 Qe1+ 42. Kg2 Qe2+ {Precision: White = 38%, Black = 54%.} 0-1

[Event "12th Agzamov Memorial 2018"]
[Site "Tashkent"]
[Date "2018.04.26"]
[Round "4"]
[White "Sivuk, Vitaly"]
[Black "Vokhidov, Shamsiddin"]
[Result "1/2-1/2"]
[WhiteElo "2525"]
[BlackElo "2414"]
[Annotator "TA"]
[PlyCount "115"]
[EventDate "2018.??.??"]
[EventType "swiss"]
[EventCountry "UZB"]
[SourceTitle "playchess.com"]
[Source "ChessBase"]
[SourceQuality "1"]

{[%evp 21,115,12,23,12,20,11,19,20,15,16,15,10,28,10,14,0,0,0,24,20,22,20,35,0,0,1,11,8,19,11,25,2,2,6,4,0,0,0,0,6,16,8,35,14,85,83,96,84,132,107,145,144,142,141,180,164,161,88,78,66,59,59,59,59,65,67,65,70,67,57,85,56,57,8,8,8,8,8,8,8,8,8,8,8,8,8,8,8,8,8,8,8,8,8,8,8]} 1. e4 e5 2. Nf3 Nc6 3. Bc4 Bc5 4. O-O Nf6 5. d3 d6 6. c3 a6 7. a4 {C54: Giuoco Piano: 4 c3 Nf6, main lines with 5 d4 and 5 d3} Ba7 8. Re1 O-O 9. h3 h6 10. Nbd2 {[%cal Bb1d2,Bd2f1,Bf1e3,Be3c4][%mdl 32]} Re8 11. b4 Be6 {LiveBook: 28 Games} 12. Bxe6 Rxe6 13. Qc2 Qd7 14. Nf1 d5 15. Be3 Bxe3 16. Nxe3 {[#]} Ne7 $146 17. exd5 Nfxd5 18. Nc4 f6 19. d4 {[%cal Rd4e5]} exd4 20. Nxd4 Rxe1+ 21. Rxe1 Re8 22. b5 axb5 23. axb5 Kh8 24. Rd1 Rd8 25. Na5 c5 26. Ndb3 c4 $1 {[%cal Rc4b3]} 27. Nxc4 {Black should prevent Ne3.} Qxb5 28. Nca5 {aiming for c4.} Rc8 29. c4 $36 {[%mdl 2048] Threatens to win with Qd3. Black is under pressure.} Qb4 {White must now prevent ...b6.} 30. Qd2 Qxd2 $1 31. Rxd2 Nb4 32. c5 Na6 {[#]} (32... Rc7 $11 {keeps the balance.}) 33. Rd7 $1 $16 {[%cal Rd7e7]} Nc6 34. Nxb7 Ne5 35. Rd6 Nb4 36. Rd8+ Rxd8 37. Nxd8 {[%mdl 4096] Endgame KNN-KNN} Kg8 38. Nd4 Kf8 39. c6 (39. f4 $18 Ned3 40. N8e6+ Kf7 41. f5) 39... Ke7 40. c7 Kd7 41. N8e6 g5 $1 42. Nf5 Nd5 43. Nxh6 Nxc7 44. Nxc7 Kxc7 $14 {KN-KN} 45. Ng8 Nd7 46. Kh2 Kd6 {[#]} 47. h4 $1 {[%mdl 512]} gxh4 {The position is equal.} 48. Kh3 Ke6 49. Kxh4 Ne5 50. Nh6 Nd3 51. f3 Ne1 52. Kg3 f5 53. Kf2 Nd3+ 54. Ke3 Ne1 55. g3 Kf6 56. g4 Nxf3 57. Kxf3 fxg4+ 58. Nxg4+ {Precision: White = 64%, Black = 71%.} 1/2-1/2

[Event "12th Agzamov Memorial 2018"]
[Site "Tashkent"]
[Date "2018.04.26"]
[Round "4"]
[White "Hamitevici, Vladimir"]
[Black "Papin, Vasily"]
[Result "1/2-1/2"]
[WhiteElo "2508"]
[BlackElo "2475"]
[Annotator "TA"]
[PlyCount "28"]
[EventDate "2018.??.??"]
[EventType "swiss"]
[EventCountry "UZB"]
[SourceTitle "playchess.com"]
[Source "ChessBase"]
[SourceQuality "1"]

{[%evp 18,28,20,-42,-37,-63,-38,-47,-56,-76,-84,-95,-91]} 1. g3 d5 2. Bg2 c6 3. d3 g6 4. Nf3 Bg7 5. O-O e5 6. Nbd2 Ne7 7. e4 O-O 8. Re1 d4 9. Nc4 {B10: Caro-Kann: 2 d3 and 2 c4} b5 {[%cal Bb7b5,Bb5b4][%mdl 32]} 10. Na3 {LiveBook: 4 Games} ({Better is} 10. Ncxe5 $11 f6 11. Nxg6 hxg6 12. c3) 10... Qb6 $146 ({Predecessor:} 10... a6 11. c3 c5 12. cxd4 cxd4 13. Nd2 Nbc6 14. f4 Be6 15. Nf3 h6 16. Bd2 Qd7 {½-½ (73) Rasik,V (2445)-Bartel,M (2641) Czech Republic 2017}) 11. Bg5 f6 12. Bd2 c5 13. c4 {[#]} b4 $1 {[%cal Rb4a3]} 14. Nb1 Nbc6 1/2-1/2

[Event "12th Agzamov Memorial 2018"]
[Site "Tashkent"]
[Date "2018.04.26"]
[Round "4"]
[White "Kotanjian, Tigran"]
[Black "Fayzullaev, Akmal"]
[Result "1-0"]
[WhiteElo "2481"]
[BlackElo "2382"]
[Annotator "TA"]
[PlyCount "104"]
[EventDate "2018.??.??"]
[EventType "swiss"]
[EventCountry "UZB"]
[SourceTitle "playchess.com"]
[Source "ChessBase"]
[SourceQuality "1"]

{[%evp 23,104,85,108,91,90,91,99,85,98,85,90,77,75,56,159,60,87,51,45,0,61,41,75,48,60,71,65,24,36,0,0,0,11,-127,-120,-123,-114,-126,-120,-123,-72,-58,4,6,21,25,52,60,61,61,45,47,61,61,61,61,145,175,208,202,208,208,255,124,450,447,393,442,434,397,405,399,482,485,556,556,525,512,1479,1222,29989,29990,29993]} 1. d4 Nf6 2. c4 d6 3. Nc3 g6 4. e4 Bg7 5. Nf3 O-O 6. Be2 Na6 7. O-O e5 8. Be3 c6 9. d5 Ng4 10. Bg5 f6 11. Bh4 c5 12. a3 h5 {LiveBook: 4 Games. E94: King's Indian: Classical: 6 Be2 e5 7 0-0: Various Black 7th moves} (12... Qe7 13. Nd2 Nh6 14. Bd3 Nf7 15. Qc2 Bh6 16. Rae1 Nc7 17. f3 Ne8 18. Kh1 Ng7 19. Bf2 f5 20. exf5 gxf5 {½-½ (38) Volkov,S (2638)-Demchenko,A (2649) Beirut 2017}) 13. h3 Nh6 14. Rb1 Nf7 $146 {White is better.} ({Predecessor:} 14... g5 15. Bg3 f5 16. exf5 h4 17. Bh2 g4 18. hxg4 Nxg4 19. Nd2 Nxh2 20. Kxh2 Bxf5 {0-1 (40) Saulyte,E (1968)-Agrest,I (2121) Kemer 2007}) 15. b4 Bh6 16. Ne1 b6 17. Nd3 Bd7 18. bxc5 dxc5 ({Black should play} 18... Nxc5 $14 19. Rb2 Kg7) 19. a4 (19. f4 $16) 19... Qe7 $14 20. Qb3 Nd6 21. Rfd1 Rab8 (21... g5 $11 22. Bg3 g4) 22. Rb2 Kh7 23. Rdb1 Qg7 24. Bg3 Rbe8 25. a5 bxa5 26. Qa2 Nb4 27. Qb3 Nb7 28. Nb5 (28. Qd1 $11) 28... Bxb5 $1 $17 29. cxb5 {[%cal Rd3b4]} Rc8 {Hoping for ...c4.} 30. Qa4 Qc7 31. Ra1 Qb6 (31... Rf7 $142 32. Bh4 Nxd3 33. Bxd3 c4) 32. Rbb1 {Black should prevent Nb2.} Bd2 (32... Nxd3 $15 33. Bxd3 Bd2) 33. Nb2 $1 $11 {[%cal Rb2c4] aiming for Nc4.} Bc3 {...Bxb2 is the strong threat.} 34. Nc4 $36 {[%mdl 2048] White has good play.} Qc7 35. Ra3 Bd4 36. Nxa5 Nxa5 37. Qxa5 Qxa5 38. Rxa5 Rc7 39. Bc4 f5 ({Better is} 39... Rd7 $14) 40. exf5 $16 gxf5 41. d6 Rd7 42. Bh4 Re8 {[#]} 43. Be7 (43. Rb3 $1 $18) 43... Rexe7 $4 {[%mdl 8192]} (43... e4 $16 {is more resistant.} 44. Be6 Rexe7 45. dxe7 (45. Bxf5+ Kh6 $18) 45... Rxe7) 44. dxe7 $18 Rxe7 45. Rb3 Nc2 46. Ra2 Nb4 {[#]} 47. Ra4 $1 e4 48. Rba3 Kh6 49. Rxa7 Re8 50. Ra8 Re5 (50... Re7 $142 51. Kf1 Rb7) 51. b6 {[%cal Bb5b6,Bb6b7][%mdl 32] Strongly threatening b7.} f4 52. b7 Kg7 {Precision: White = 41%, Black = 39%.} 1-0

[Event "12th Agzamov Memorial 2018"]
[Site "Tashkent"]
[Date "2018.04.26"]
[Round "4"]
[White "Dzhumaev, Marat"]
[Black "Abdisalimov, Abdimalik"]
[Result "1/2-1/2"]
[WhiteElo "2451"]
[BlackElo "2341"]
[Annotator "TA"]
[PlyCount "61"]
[EventDate "2018.??.??"]
[EventType "swiss"]
[EventCountry "UZB"]
[SourceTitle "playchess.com"]
[Source "ChessBase"]
[SourceQuality "1"]

{[%evp 10,61,8,3,32,36,24,1,1,1,13,0,9,2,2,2,34,33,27,25,28,18,27,31,35,35,21,11,46,0,11,0,0,0,0,0,0,0,27,2,2,0,0,0,2,2,2,2,10,0,0,0,3,0]} 1. e4 c5 2. Nf3 d6 3. Nc3 Nf6 4. e5 dxe5 5. Nxe5 a6 6. a4 Nbd7 {B50: Sicilian: 2...d6, Miscellaneous} (6... Qc7 {with more complications.} 7. d4 e6 8. Be3 Nbd7 9. Nc4 Nb6) (6... Qc7 7. Nc4 Nc6 8. d3 Nd4 9. Ne2 Nxe2 10. Bxe2 Bf5 11. Bf3 Rd8 12. Bd2 b6 13. Qe2 e6 14. Bc3 Nd7 {1-0 (22) Mamedov,R (2688)-Wojtaszek,R (2749) Tallinn 2016}) 7. Nc4 Nb6 8. Nxb6 Qxb6 9. Be2 $146 ({Predecessor:} 9. Bd3 g6 10. O-O Bg7 11. Re1 e6 12. b3 O-O 13. Bb2 Bd7 14. Qe2 {1-0 (45) Viana da Costa,F (2108)-De Lima,D (2074) Sao Paulo 2005}) 9... Bf5 10. O-O e6 11. d3 Bd6 12. Bf3 O-O 13. Re1 Qc7 14. g3 h6 15. Qe2 Rfd8 16. a5 Rac8 17. Be3 Nd7 18. Ne4 Bf8 19. Bg2 Bxe4 20. Bxe4 Nf6 21. Bg2 Nd5 22. Bd2 g6 23. h4 h5 24. c3 Rd7 {The position is equal.} 25. Qe4 Nf6 26. Qc4 Rcd8 27. Bf4 Bd6 28. Bg5 Be7 29. Bf4 Bd6 30. Bg5 Be7 31. Bf4 {Precision: White = 63%, Black = 54%.} 1/2-1/2

[Event "12th Agzamov Memorial 2018"]
[Site "Tashkent"]
[Date "2018.04.26"]
[Round "4"]
[White "Duzhakov, Ilya"]
[Black "Egin, Vladimir"]
[Result "1-0"]
[WhiteElo "2421"]
[BlackElo "2340"]
[Annotator "TA"]
[PlyCount "71"]
[EventDate "2018.??.??"]
[EventType "swiss"]
[EventCountry "UZB"]
[SourceTitle "playchess.com"]
[Source "ChessBase"]
[SourceQuality "1"]

{[%evp 13,71,39,55,43,28,-5,19,-7,25,16,28,18,24,11,4,6,34,34,22,0,0,0,13,-26,-12,-20,25,25,27,16,26,0,14,-37,-18,-23,-24,-31,-31,-41,0,0,0,0,61,60,60,60,122,120,283,173,407,328,568,566,817,808,841,609]} 1. d4 d5 2. c4 dxc4 3. e4 Nf6 4. e5 Nd5 5. Bxc4 Nb6 6. Bd3 Nc6 7. Ne2 Bg4 8. f3 {D20: Queen's Gambit Accepted: 3 e3 and 3 e4} Bh5 9. a3 e6 10. Be3 {The position is equal.} Be7 11. O-O Bg6 12. Be4 O-O $146 ({Predecessor:} 12... Bxe4 13. fxe4 Bg5 14. Bf2 O-O 15. Qc2 f5 {½-½ (39) Grischuk,A (2782)-Caruana,F (2799) Saint Louis 2017}) 13. Nbc3 Bxe4 14. Nxe4 Nd5 15. Bf2 Qd7 16. Nc1 a5 17. Nd3 b6 18. f4 f5 19. exf6 Bxf6 20. Rc1 Rad8 21. Rc4 Nce7 $1 22. Qc1 Qe8 23. Nxf6+ (23. Qc2 $11) 23... gxf6 $15 24. Re1 $1 Nf5 25. Qd1 Rf7 26. Qf3 Rd6 27. g4 Rg7 28. Kh1 $1 Nh6 (28... Nfe7 $11) 29. h3 $14 Qb5 30. Rc2 c6 (30... Nf7 $14) 31. Bh4 Rf7 $2 {[#]} (31... Kh8 $16 {is a better defense.}) 32. Nf2 {f5 is the strong threat.} Nc7 $2 (32... Kh8 33. Bg3 f5) 33. Ne4 Qd5 $2 (33... Rxd4 34. Nxf6+ Kh8 35. Qxc6 Qxc6+ 36. Rxc6 Ng8) 34. Qg2 $18 {White is clearly winning.} Ne8 35. Nxd6 Nxd6 36. Qxd5 {Precision: White = 59%, Black = 48%.} 1-0

[Event "12th Agzamov Memorial 2018"]
[Site "Tashkent"]
[Date "2018.04.26"]
[Round "4"]
[White "Sattarov, Bobir"]
[Black "Levin, Evgeny A"]
[Result "1/2-1/2"]
[WhiteElo "2396"]
[BlackElo "2543"]
[Annotator "TA"]
[PlyCount "68"]
[EventDate "2018.??.??"]
[EventType "swiss"]
[EventCountry "UZB"]
[SourceTitle "playchess.com"]
[Source "ChessBase"]
[SourceQuality "1"]

{[%evp 21,68,54,51,46,220,33,45,44,72,50,64,11,17,15,12,13,0,0,0,-56,-41,-75,-11,-11,0,-62,-61,-47,0,-55,0,0,0,0,0,0,0,-24,0,0,0,-16,0,0,0,-48,0,0,0]} 1. e4 c5 2. Nf3 d6 3. d4 cxd4 4. Nxd4 Nf6 5. Nc3 a6 6. a3 e6 7. g4 {[%cal Bg2g4,Bg4g5][%mdl 32]} b5 8. g5 Nfd7 9. Be3 Bb7 10. Qd2 Nb6 {B81: Sicilian Scheveningen: Keres Attack} 11. O-O-O N8d7 {LiveBook: 3 Games} 12. f4 (12. h4 Rc8 13. h5 Ne5 14. f4 Nec4 15. Bxc4 Nxc4 16. Qd3 Qb6 17. h6 gxh6 18. gxh6 {1-0 (41) Navara,D (2722)-Graf,A (2606) Germany 2011}) 12... Nc5 $2 {[#]} (12... Rc8 $14) 13. Qe1 $146 ({White should try} 13. Ndxb5 $1 $18 Nxe4 14. Nxe4 Bxe4 15. Qb4 (15. Nxd6+ $2 Qxd6 16. Qxd6 Bxd6 $19)) ({Predecessor:} 13. Bd3 d5 14. Ndxb5 axb5 15. Bxb5+ Ncd7 16. Bxb6 Qxb6 17. exd5 O-O-O 18. dxe6 {½-½ (29) Sjugirov,S (2444)-Ter Sahakyan,S (2193) Herceg Novi 2006}) 13... Rc8 $14 14. f5 Nxe4 15. Nxe4 Bxe4 16. fxe6 (16. Rg1 $14) 16... Bxh1 $11 17. exf7+ Kxf7 {[#] Threatens to win with ...Be4.} 18. Ne6 $1 {[%cal Re6d8][%mdl 512]} Rxc2+ $1 (18... Kxe6 19. Bxb6+) 19. Kxc2 Qc8+ 20. Kb1 (20. Bc5 $1 $11 Bd5 21. Bh3 Bxe6 22. Bxe6+ Qxe6 23. Bxb6) 20... Qxe6 $15 21. Qf2+ Kg6 (21... Kg8 $17 22. Bxb6 Be4+ 23. Bd3 Bxd3+ 24. Rxd3 h6 25. gxh6 Rxh6) 22. Bxb6 $11 {Bd3+ is the strong threat.} Be7 23. Qd4 (23. Ka1 $11 Be4 24. Qe3) 23... Be4+ $15 24. Ka1 $1 d5 25. h4 ({White should play} 25. Ba5 $11) 25... h5 (25... Rc8 $15) 26. Ba5 $1 $11 Rf8 27. Bc3 Rf7 28. Re1 Bf8 29. Be2 Rf4 30. Qe3 Rf5 31. Qd4 Rf4 32. Qe3 Rf7 33. Qd4 Rf4 (33... b4 $5 34. axb4 Rf4 $11) 34. Qe3 Rf7 {Precision: White = 51%, Black = 58%.} 1/2-1/2

[Event "12th Agzamov Memorial 2018"]
[Site "Tashkent"]
[Date "2018.04.26"]
[Round "4"]
[White "Saydaliev, Saidakbar"]
[Black "Stupak, Kirill"]
[Result "0-1"]
[WhiteElo "2361"]
[BlackElo "2556"]
[Annotator "TA"]
[PlyCount "108"]
[EventDate "2018.??.??"]
[EventType "swiss"]
[EventCountry "UZB"]
[SourceTitle "playchess.com"]
[Source "ChessBase"]
[SourceQuality "1"]

{[%evp 14,108,0,0,0,0,0,-8,0,0,0,-9,4,0,0,0,0,0,7,7,9,0,0,0,0,0,59,13,16,18,34,0,0,0,0,0,87,0,35,18,19,0,0,0,31,0,71,66,72,64,50,-102,-97,-82,-59,-114,-130,-174,-134,-127,14,-351,-334,-375,-43,-54,0,0,0,-110,-95,-217,-76,-260,-238,-342,-239,-424,-387,-443,-299,-470,-209,-216,-208,-381,-409,-866,-865,-817,-802,-1144,-1144,-1446,-1339,-5214,-5206]} 1. d4 Nf6 2. c4 e6 3. g3 c5 4. Nf3 cxd4 5. Nxd4 Qc7 6. b3 Bb4+ {A32: Symmetrical English: 2 Nf3 Nf6 3 d4 cxd4 4 Nxd4 e6} 7. Bd2 Bc5 8. Nf3 {LiveBook: 3 Games} (8. e3 Nc6 9. Bc3 d5 10. Nxc6 bxc6 11. Bg2 Be7 12. O-O O-O 13. Nd2 a5 14. Rc1 {½-½ (52) Vallejo Pons,F (2711)-Zhigalko,S (2671) Doha 2016}) 8... Ne4 {[%csl Ge4][%cal Rc5f2] The position is equal.} 9. e3 Nc6 10. Bg2 Nxd2 11. Nbxd2 O-O 12. O-O f5 13. a3 {[#]} b6 $146 ({Predecessor:} 13... Be7 14. b4 {0-1 (59) Enkhnar,E (2278)-Gundavaa,B (2507) Govi Altai 2014}) 14. Nd4 Bb7 15. Nb5 Qb8 16. Nf3 Rd8 17. Qe2 a6 18. Nc3 Be7 19. Rfd1 Qc7 ({Better is} 19... Ne5 $11) 20. e4 (20. Nd5 $5 exd5 21. cxd5 $17) 20... Rf8 21. exf5 Rxf5 22. Rd2 Raf8 {White must now prevent ...Ne5.} 23. Rad1 $1 Bc8 24. b4 {[%cal Bb3b4,Bb4b5][%mdl 32]} Kh8 (24... a5 $11) 25. Ne4 (25. Qe3 $16) 25... a5 $14 26. b5 $36 {[%mdl 2048] White fights for an advantage.} Nd8 27. Nd4 R5f7 28. h4 Nb7 29. f4 Nc5 (29... h6 $11) 30. Ng5 $16 Rf6 $1 31. Ndf3 ({But not} 31. Qh5 h6 $11) 31... h6 32. Ne4 $2 (32. Ne5 $14 {stays ahead.}) 32... Nxe4 $17 33. Qxe4 Bc5+ 34. Kh1 (34. Kh2 $1 $15) 34... d6 35. Rd3 e5 36. fxe5 Bf5 (36... dxe5 $17 37. Qxe5 Qf7) 37. Qd5 $2 {[%mdl 8192]} (37. Qc6 $11 Qxc6 38. bxc6 dxe5 39. Nxe5 Bxd3 40. Rxd3) 37... dxe5 $19 38. Nxe5 Rd6 $2 (38... Bxd3 $19 39. Rxd3 Re8) 39. Qf3 $1 $15 Rxd3 (39... Re6 $15 40. Nd7 Bxd3 41. Nxf8 Re3) 40. Nxd3 $11 Bxa3 {Threatens to win with ...Bd6.} 41. Nf4 (41. c5 $1 $11 {keeps the balance.} Bxc5 42. Rc1) 41... Bd6 $17 42. Rf1 {[#]} (42. Rd4 $17) 42... Qxc4 (42... a4 $1 $19 {and Black stays clearly on top.} 43. Qe2 a3) 43. Qd1 $2 (43. Qc6 $17 {only move.} Qxc6 44. bxc6) 43... Qc5 44. Bc6 (44. h5 $142) 44... Qe5 45. Re1 $2 (45. h5) 45... Qc3 $19 46. Ne2 Qc5 47. Rf1 {[#]} (47. Qd4 $142) 47... Be5 (47... a4 $142 $1 {[%mdl 512] And now ...a3 would win.} 48. Rf3 (48. Qxa4 Be4+) 48... a3) 48. Nf4 Qd6 49. Qf3 $2 (49. Qxd6 Bxd6 50. h5) 49... Bxf4 50. Qxf4 {[#]} (50. gxf4 $142 a4 51. h5) 50... Be4+ $1 {[%mdl 512] Black is clearly winning.} 51. Bxe4 Rxf4 52. Rxf4 g5 53. hxg5 hxg5 54. Rf3 Qd1+ {Precision: White = 31%, Black = 47%.} 0-1